| 000 | 01086nam a2200301 a 4500 | ||
|---|---|---|---|
| 999 |
_c7444 _d7444 |
||
| 001 | 991023620819706706 | ||
| 003 | OSt | ||
| 005 | 20211126124509.0 | ||
| 008 | 930210s1991 spc|||||| 000 ||cat|c | ||
| 017 | _aDL B. 41987-1991 | ||
| 035 | _a(ES-BaCBU)b16059232-34csuc_network | ||
| 035 | _a(ES-BaCBU).b16059232 | ||
| 035 | _a(ccuc001)b16059232 | ||
| 035 | _a(OCoLC)802923019 | ||
| 035 | _a124491 | ||
| 040 |
_aES-BaCBU _bcat _cES-BaCBU _dCDMR |
||
| 100 | 1 |
_aRiera, Ignasi _92205 |
|
| 245 | 1 | 4 |
_aLes Comunicacions a la comarca del Baix Llobregat / _cIgnasi Riera |
| 260 |
_aCornellà de Llobregat : _bFundació Utopia d'Estudis Socials del Baix Llobregat, _cDL 1991 |
||
| 300 |
_a15 p. ; _c22 cm |
||
| 650 | 0 | 4 |
_aTransport _zCatalunya _zBaix Llobregat |
| 650 | 0 | 4 |
_aMitjans de comunicació de massa _zCatalunya _zBaix Llobregat |
| 710 | 2 | _aFundació Utopia d'Estudis Socials del Baix Llobregat. | |
| 830 | 0 |
_aConferències i debats ; _v2 |
|
| 907 |
_a.b16059232 _b17-06-21 _c07-05-08 _d10-02-93 _em _fa _g- _hcat _ispc _j4 _k6 |
||
| 908 |
_aUAB _aUB _aUPF _aURL _aICGC |
||
| 942 |
_2udc _cMON |
||